| 000 | 00570cam a2200217 4500 | ||
|---|---|---|---|
| 001 | J108747 | ||
| 008 | 000000n1998 000 0 eng u | ||
| 035 | _a(Sirsi) u108747 | ||
| 050 | _a333.337 | ||
| 110 |
_aKing Sturge & Co. _91183 |
||
| 245 | _aPrefereed stock the city office market | ||
| 260 |
_aLondon _King Sturge _c1998 |
||
| 300 | _a35p. ; 30cm. | ||
| 650 | _aLONDON | ||
| 650 | _aCITY | ||
| 650 | _aOFFICES | ||
| 650 | _aPROPERTY MARKET | ||
| 650 | _aOFFICE SPACE | ||
| 690 | _aPROPERTY-COMMERCIAL PROPERTY-COMMERCIAL PROPERTY MARKET | ||
| 942 | _n0 | ||
| 999 |
_c100851 _d100851 |
||